[Event "GER-ch Net blitz qual4"]
[Site "Playchess.com INT"]
[Date "2021.05.10"]
[Round "2"]
[White "Becker, Marco"]
[Black "Brunke, Christian"]
[Result "0-1"]
[WhiteElo "1982"]
[BlackElo "2393"]
[PlyCount "64"]
[EventDate "2021.05.10"]
[EventType "swiss (blitz)"]
[EventRounds "11"]
[EventCountry "GER"]
[SourceTitle "CBM 202 Extra"]
[Source "ChessBase"]
[SourceDate "2021.07.31"]
[SourceVersion "1"]
[SourceVersionDate "2021.07.31"]
[SourceQuality "1"]

1. e4 g6 2. g3 Bg7 3. Bg2 d6 4. Ne2 Nf6 5. 0-0 0-0 6. d3 e5 7. Nbc3 c6 8. h3 Nbd7 9. f4 Nc5 10. Be3 b6 11. d4 exd4 12. Bxd4 Bb7 13. e5 dxe5 14. Bxe5 Qe7 15. Kh2 Rad8 16. Qe1 Rfe8 17. Rd1 Rxd1 18. Qxd1 Ncd7 19. Bd6 Qe3 20. Qd4 Nd5 21. Qxe3 Nxe3 22. Rc1 Nxg2 23. Kxg2 c5+ 24. Kf2 Nf6 25. Rd1 Bc8 26. g4 h5 27. g5 Ne4+ 28. Nxe4 Rxe4 29. h4 Bg4 30. Rd2 Bxb2 31. Ng3 Bd4+ 32. Kg2 Re3 0-1

[Event "GER-ch Net blitz qual3"]
[Site "Playchess.com INT"]
[Date "2021.05.07"]
[Round "4"]
[White "Ochs, Daniel Elias"]
[Black "Brunke, Christian"]
[Result "0-1"]
[WhiteElo "2130"]
[BlackElo "2340"]
[PlyCount "62"]
[EventDate "2021.05.07"]
[EventType "swiss (blitz)"]
[EventRounds "11"]
[EventCountry "GER"]
[SourceTitle "CBM 202 Extra"]
[Source "ChessBase"]
[SourceDate "2021.07.31"]
[SourceVersion "1"]
[SourceVersionDate "2021.07.31"]
[SourceQuality "1"]

1. d4 g6 2. e4 Bg7 3. Nf3 d6 4. Bc4 Nf6 5. 0-0 Nxe4 6. Re1 Nf6 7. c3 d5 8. Bd3 0-0 9. Ne5 Nbd7 10. f4 e6 11. g4 c5 12. Be3 cxd4 13. Bxd4 Nxe5 14. fxe5 Nd7 15. Kg2 Qc7 16. Qe2 Nc5 17. Nd2 Nxd3 18. Qxd3 b6 19. Nf3 Bb7 20. h4 f6 21. h5 fxe5 22. Nxe5 Rf4 23. hxg6 h6 24. Kg3 Raf8 25. Re3 Re4 26. Rxe4 dxe4 27. Qb5 a6 28. Qc4 Bxe5+ 29. Kh4 Bd5 30. Qxa6 Bxd4 31. cxd4 Qh2# 0-1

[Event "GER-ch Net blitz qual2"]
[Site "Playchess.com INT"]
[Date "2021.05.04"]
[Round "9"]
[White "Brunke, Christian"]
[Black "Heinig, Wolfram"]
[Result "1/2-1/2"]
[WhiteElo "2386"]
[BlackElo "2104"]
[PlyCount "80"]
[EventDate "2021.05.04"]
[EventType "swiss (blitz)"]
[EventRounds "11"]
[EventCountry "GER"]
[SourceTitle "CBM 202 Extra"]
[Source "ChessBase"]
[SourceDate "2021.07.31"]
[SourceVersion "1"]
[SourceVersionDate "2021.07.31"]
[SourceQuality "1"]

1. c4 Nf6 2. Nc3 c5 3. Nf3 d6 4. g3 b6 5. Bg2 Bb7 6. 0-0 e6 7. d3 Be7 8. a3 0-0 9. b4 Nbd7 10. Bd2 a6 11. e4 Qc7 12. Qe2 Rfe8 13. Rfb1 Rac8 14. a4 Ne5 15. b5 a5 16. Bf4 Ng6 17. Re1 Nd7 18. Rad1 Bf6 19. Bd2 Nde5 20. Qe3 h6 21. h3 Qd7 22. Ne2 d5 23. Nxe5 Nxe5 24. f4 Ng6 25. e5 d4 26. Qf2 Be7 27. Bxb7 Qxb7 28. Qg2 Qxg2+ 29. Kxg2 f6 30. exf6 Bxf6 31. Ng1 Kf7 32. Nf3 Ne7 33. Re4 Nf5 34. Rde1 h5 35. R4e2 Re7 36. Re4 Rce8 37. R4e2 Rh8 38. Re4 Rhe8 39. R4e2 Rh8 40. Re4 Rhe8 1/2-1/2

[Event "GER-ch Net blitz qual2"]
[Site "Playchess.com INT"]
[Date "2021.05.04"]
[Round "8"]
[White "Kolb, Tobias"]
[Black "Brunke, Christian"]
[Result "0-1"]
[WhiteElo "1950"]
[BlackElo "2386"]
[PlyCount "104"]
[EventDate "2021.05.04"]
[EventType "swiss (blitz)"]
[EventRounds "11"]
[EventCountry "GER"]
[SourceTitle "CBM 202 Extra"]
[Source "ChessBase"]
[SourceDate "2021.07.31"]
[SourceVersion "1"]
[SourceVersionDate "2021.07.31"]
[SourceQuality "1"]

1. d4 g6 2. c4 Bg7 3. Nc3 d6 4. e4 Nf6 5. f3 e5 6. d5 0-0 7. Be3 Na6 8. Qd2 Bd7 9. Bd3 Nb4 10. Bb1 a5 11. Nge2 Na6 12. Bc2 b6 13. b3 Nc5 14. 0-0 Nh5 15. a3 f5 16. b4 Nb7 17. Rfd1 f4 18. Bf2 g5 19. h3 Nf6 20. c5 bxc5 21. bxc5 Nxc5 22. Bxc5 dxc5 23. Na4 Bxa4 24. Bxa4 h5 25. Qc3 g4 26. Qxe5 Nh7 27. Qxh5 gxf3 28. gxf3 Qg5+ 29. Qxg5 Nxg5 30. Rac1 Nxf3+ 31. Kf2 Ng5 32. Rc4 Nxh3+ 33. Kf3 Ng5+ 34. Kg4 Nf7 35. Rxc5 Ne5+ 36. Kh3 Ra6 37. Nd4 Rh6+ 38. Kg2 f3+ 39. Kg3 Rg6+ 40. Kf2 Ng4+ 41. Ke1 f2+ 42. Ke2 Bxd4 43. Rxc7 Ne5 44. Bb3 Rd6 45. Rh1 Bb6 46. Rb7 Ng6 47. Kf1 Ne5 48. Rhh7 Rf7 49. Rbxf7 Nxf7 50. Rh5 Kg7 51. e5 Rg6 52. Bc4 Rg1+ 0-1

[Event "GER Cup Net Final-A U2400"]
[Site "Playchess.com INT"]
[Date "2020.06.06"]
[Round "7"]
[White "Brunke, Christian"]
[Black "Koepke, Christian"]
[Result "0-1"]
[WhiteElo "2104"]
[BlackElo "2073"]
[PlyCount "78"]
[EventDate "2020.06.06"]
[EventType "swiss (blitz)"]
[EventRounds "13"]
[EventCountry "GER"]
[SourceTitle "CBM 197 Extra"]
[Source "ChessBase"]
[SourceDate "2020.09.30"]
[SourceVersion "1"]
[SourceVersionDate "2020.09.30"]
[SourceQuality "1"]

1. e4 c5 2. b3 g6 3. Bb2 Nf6 4. e5 Nd5 5. c4 Nc7 6. Nf3 Bg7 7. d4 cxd4 8. Bxd4 0-0 9. Bd3 Nc6 10. Bc3 d6 11. exd6 Qxd6 12. Bxg7 Kxg7 13. Qe2 Rd8 14. Bc2 Qf6 15. 0-0 Qxa1 16. h4 Bg4 17. Nbd2 Qf6 18. Ne4 Bxf3 19. gxf3 Qxh4 20. Ng3 Ne6 21. Be4 Ncd4 22. Qe3 Rab8 23. b4 Nf4 24. Bd5 Nde6 25. Qe5+ Kg8 26. Bxe6 Nxe6 27. Kg2 Nf4+ 28. Kg1 Rbc8 29. c5 Rc6 30. Rc1 Re6 31. Qc7 Rd2 32. Qb8+ Kg7 33. Rf1 Nh3+ 34. Kg2 Nf4+ 35. Kg1 Rf6 36. Qe5 Qh3 37. Nf5+ Qxf5 38. Qe3 Qg5+ 39. Kh2 Qg2# 0-1

[Event "GER Cup Net Final-A U2400"]
[Site "Playchess.com INT"]
[Date "2020.06.06"]
[Round "3"]
[White "Brunke, Christian"]
[Black "Marcziter, Dmitrii"]
[Result "0-1"]
[WhiteElo "2104"]
[BlackElo "2043"]
[PlyCount "151"]
[EventDate "2020.06.06"]
[EventType "swiss (blitz)"]
[EventRounds "13"]
[EventCountry "GER"]
[SourceTitle "CBM 197 Extra"]
[Source "ChessBase"]
[SourceDate "2020.09.30"]
[SourceVersion "1"]
[SourceVersionDate "2020.09.30"]
[SourceQuality "1"]

1. e4 c5 2. b3 d5 3. exd5 Qxd5 4. Bb2 Nf6 5. Nf3 e6 6. Bb5+ Bd7 7. Bxd7+ Nbxd7 8. 0-0 Be7 9. d3 0-0 10. Nc3 Qc6 11. Ne4 Rad8 12. Qe2 Rfe8 13. Rfe1 Nd5 14. Rad1 Bf8 15. Nc3 Nf4 16. Qe3 Ng6 17. a4 b6 18. Ne4 h6 19. h3 Qc7 20. Ng3 Nf4 21. Ne5 Nd5 22. Qf3 N7f6 23. Nh5 Nxh5 24. Qxh5 Nf6 25. Qf3 Rc8 26. Ng4 Nxg4 27. Qxg4 Red8 28. Re3 Rd5 29. h4 g6 30. Rde1 Bg7 31. Bxg7 Kxg7 32. Rh3 h5 33. Qe4 Rd4 34. Qe3 Qe7 35. Qe5+ Qf6 36. Qxf6+ Kxf6 37. Rf3+ Ke7 38. g3 Rcd8 39. Rfe3 a6 40. Kg2 b5 41. axb5 axb5 42. Ra1 R8d7 43. Re5 R4d5 44. Rxd5 Rxd5 45. Kf3 Kf6 46. Ra7 c4 47. dxc4 bxc4 48. bxc4 Rd2 49. Ra2 Rd4 50. Ke3 Rxc4 51. Kd3 Rc7 52. c4 Kf5 53. Rc2 e5 54. c5 Ke6 55. Kc4 f5 56. Ra2 e4 57. Ra6+ Kf7 58. Kd5 Rd7+ 59. Rd6 Ra7 60. Kc6 Ra2 61. Kd7 Rxf2 62. c6 Rc2 63. c7 e3 64. Rd1 Rd2+ 65. Rxd2 exd2 66. c8Q d1Q+ 67. Kc7 Qc2+ 68. Kd7 Qxc8+ 69. Kxc8 Ke6 70. Kd8 f4 71. gxf4 Kf5 72. Ke7 Kxf4 73. Kf6 Kg4 74. Kxg6 Kxh4 75. Kf5 Kg3 76. Ke4 0-1

[Event "GER Cup Net Final-A U2400"]
[Site "Playchess.com INT"]
[Date "2020.06.06"]
[Round "8"]
[White "Eilenberg, Jonas"]
[Black "Brunke, Christian"]
[Result "0-1"]
[WhiteElo "2091"]
[BlackElo "2104"]
[PlyCount "74"]
[EventDate "2020.06.06"]
[EventType "swiss (blitz)"]
[EventRounds "13"]
[EventCountry "GER"]
[SourceTitle "CBM 197 Extra"]
[Source "ChessBase"]
[SourceDate "2020.09.30"]
[SourceVersion "1"]
[SourceVersionDate "2020.09.30"]
[SourceQuality "1"]

1. d4 f5 2. Nf3 Nf6 3. g3 g6 4. Bg2 Bg7 5. 0-0 0-0 6. b3 d6 7. Bb2 c6 8. Nbd2 Na6 9. c3 Rb8 10. c4 Bd7 11. Rc1 Nc7 12. Re1 b5 13. Qc2 bxc4 14. Nxc4 Ncd5 15. a3 a5 16. Nfd2 a4 17. b4 Ra8 18. e4 fxe4 19. Nxe4 Nxe4 20. Bxe4 Kh8 21. b5 cxb5 22. Bxd5 Rc8 23. Qe2 bxc4 24. Rxc4 Rxc4 25. Bxc4 Qb6 26. Rd1 Bg4 27. Qxg4 Qxb2 28. Qe2 Qxa3 29. Qxe7 Qb2 30. Rf1 Qxd4 31. Be2 a3 32. Qe6 Qe5 33. Qa2 Qb2 34. Bc4 Qxa2 35. Bxa2 Bd4 36. Kg2 Rb8 37. Rb1 Rc8 0-1

[Event "GER Cup Net V2 U2400"]
[Site "Playchess.com INT"]
[Date "2020.05.22"]
[Round "8"]
[White "Brunke, Christian"]
[Black "Baskin, Robert"]
[Result "0-1"]
[WhiteElo "2141"]
[BlackElo "2181"]
[PlyCount "60"]
[EventDate "2020.05.22"]
[EventType "swiss (blitz)"]
[EventRounds "9"]
[EventCountry "GER"]
[SourceTitle "EXT 2021"]
[Source "ChessBase"]
[SourceDate "2020.10.23"]
[SourceVersion "1"]
[SourceVersionDate "2020.10.23"]
[SourceQuality "1"]

1. e4 c5 2. b3 b6 3. Bb2 Bb7 4. d3 e6 5. Nf3 Nf6 6. g3 d5 7. exd5 Nxd5 8. Bg2 Nc6 9. 0-0 Nf6 10. Nbd2 Be7 11. a4 0-0 12. Nc4 Nd5 13. Ne3 Bf6 14. Nxd5 Bxb2 15. Rb1 Qxd5 16. Rxb2 Nd4 17. Nh4 Qd7 18. Bxb7 Qxb7 19. f4 Rad8 20. Nf3 Qd5 21. Rb1 Rfe8 22. c3 Nf5 23. Qe2 Qxd3 24. Qxd3 Rxd3 25. Rbc1 Red8 26. Ne5 Rd2 27. Rfe1 Rb2 28. Nc6 Rdd2 29. Red1 Rg2+ 30. Kf1 Ne3+ 0-1

[Event "GER-ch Net Amateur Gr-A Vor2"]
[Site "Playchess.com INT"]
[Date "2020.04.15"]
[Round "7"]
[White "Brunke, Christian"]
[Black "Namyslo, Holger"]
[Result "1-0"]
[WhiteElo "2071"]
[BlackElo "1895"]
[PlyCount "87"]
[EventDate "2020.04.15"]
[EventType "swiss (blitz)"]
[EventRounds "9"]
[EventCountry "GER"]
[SourceTitle "CBM 196 Extra"]
[Source "ChessBase"]
[SourceDate "2020.07.31"]
[SourceVersion "1"]
[SourceVersionDate "2020.07.31"]
[SourceQuality "1"]

1. e4 e6 2. d4 d5 3. Nc3 Bb4 4. exd5 exd5 5. Qf3 Qe7+ 6. Nge2 Nc6 7. Be3 Nf6 8. h3 0-0 9. 0-0-0 Be6 10. g4 Na5 11. Bg5 Nc4 12. Bxf6 Qxf6 13. Qxf6 gxf6 14. Nf4 Bd6 15. Nfxd5 Nb6 16. Nxf6+ Kh8 17. Nfe4 Bf4+ 18. Kb1 Bd7 19. Bd3 Bc6 20. Rhe1 Rad8 21. Ne2 Bh6 22. c3 Bg7 23. Kc2 a6 24. b3 Rfe8 25. N2g3 h6 26. f4 Nd5 27. f5 Nf4 28. Bf1 b5 29. h4 b4 30. g5 bxc3 31. Kxc3 Nd5+ 32. Kc2 Nb4+ 33. Kb1 Bxd4 34. gxh6 Be5 35. a3 Nd5 36. Rc1 Bb7 37. Bc4 Kh7 38. Ng5+ Kg8 39. h7+ Kg7 40. Nh5+ Kh6 41. Nxf7+ Kxh5 42. Nxd8 Nc3+ 43. Rxc3 Rxd8 44. Rxe5 1-0